|
|
|
|
| LEADER |
00000nam a22000007a 4500 |
| 005 |
20130918100411.0 |
| 007 |
cr|||| |||| |
| 008 |
130918s2013 br |||||s|||| 00||0 por d |
| 020 |
|
|
|a 978-85-65108-01-0
|
| 035 |
|
|
|a 11515
|
| 040 |
|
|
|a vLex
|
| 090 |
|
|
|c 4506
|d 4506
|
| 100 |
1 |
|
|a Viegas Marcondes, Marcones
|
| 245 |
1 |
0 |
|a Aȯ̂ coletiva passiva
|h [Recurso electrn̤ico] /
|c Gustavo Viegas Marcondes
|
| 256 |
|
|
|a Servicio en ln̕ea
|
| 260 |
|
|
|a Barcelona:
|b Editorial vLex,
|c 2013
|
| 300 |
|
|
|a 1 recurso electrn̤ico
|
| 506 |
1 |
|
|a Contenido solo disponible en los productos indicados
|d vLex Global
|d vLex Global (Academic Edition, excluding Law Schools)
|d vLex Global (U.S. Academic Edition, Law Schools)
|d vLex Global (U.S. Academic Edition, excluding Law Schools)
|d vLex Global (Academic Edition, Law Schools)
|
| 650 |
0 |
4 |
|a Demanda colectiva
|z Brasil
|
| 650 |
0 |
4 |
|a Derecho procesal
|z Brasil
|
| 740 |
0 |
|
|a vLex Libros (Servicio en ln̕ea)
|
| 856 |
4 |
0 |
|u http://vlex.com/source/a-o-coletiva-passiva-11515
|z Acceso restringido
|
| 942 |
|
|
|c BOOK
|
| 999 |
0 |
|
|a Procedure (Law)
|